Journal of migration and security studies (Record no. 7835)

MARC details
000 -LEADER
fixed length control field 00896nam a22002417a 4500
003 - CONTROL NUMBER IDENTIFIER
control field TZ-ArACH
005 - DATE AND TIME OF LATEST TRANSACTION
control field 20260317112218.0
008 - FIXED-LENGTH DATA ELEMENTS--GENERAL INFORMATION
fixed length control field 260317b |||||||| |||| 00| 0 eng d
040 ## - CATALOGING SOURCE
Original cataloging agency TZ-ArACH
Language of cataloging eng
Transcribing agency TZ-ArACH
Modifying agency TZ-ArACH
050 ## - LIBRARY OF CONGRESS CALL NUMBER
Classification number JV6035
Item number .J68 2025
245 ## - TITLE STATEMENT
Title Journal of migration and security studies
Statement of responsibility, etc Edited by Alexander Makulilo and Clement Mubanga
260 ## - PUBLICATION, DISTRIBUTION, ETC. (IMPRINT)
Place of publication, distribution, etc Moshi, Tanzania:
Name of publisher, distributor, etc Journal of migration and security studies
Date of publication, distribution, etc 2025
300 ## - PHYSICAL DESCRIPTION
Extent iii, 86 p.:
Dimensions 21 cm
440 ## - SERIES STATEMENT/ADDED ENTRY--TITLE
Title Journal of migration and security studies
Number of part/section of a work No.1
490 ## - SERIES STATEMENT
Volume number/sequential designation Vol. 1
650 ## - SUBJECT ADDED ENTRY--TOPICAL TERM
Topical term or geographic name as entry element Tanzania--Immigration--Security
650 ## - SUBJECT ADDED ENTRY--TOPICAL TERM
Topical term or geographic name as entry element Women--Risk--DR Congo
650 ## - SUBJECT ADDED ENTRY--TOPICAL TERM
Topical term or geographic name as entry element Gender Inequality--Tanzania
650 ## - SUBJECT ADDED ENTRY--TOPICAL TERM
Topical term or geographic name as entry element Peace, Democracy--Tanzania
700 ## - ADDED ENTRY--PERSONAL NAME
Personal name Makulilo, Alexander
Relator term Editor-in-Chief
700 ## - ADDED ENTRY--PERSONAL NAME
Personal name Mubanga, Clement
Relator term Associate Editor
942 ## - ADDED ENTRY ELEMENTS (KOHA)
Source of classification or shelving scheme Library of Congress Classification
Koha item type Books
Classification part JV6035
Item part .J68 2025
Holdings
Home library Current library Date acquired Full call number Barcode Koha item type Public note
African Court on Human and Peoples' Rights Library African Court on Human and Peoples' Rights Library 17/03/2026 JV6035 .J68 2025 1004020X Books Donation from the Publisher

African Court on Human and Peoples' Rights | For Inquiries Contact » +255 272 510 510